معالم الإفتاء وضوابطه عند الإمام الشاطبي : دراسة تحليلية تطبيقية /
Saved in:
| Main Author: | |
|---|---|
| Format: | Thesis |
| Language: | Arabic |
| Published: |
Kuala Lumpur :
Kulliyah of Islamic Revealed Knowledge and Human Sciences, International Islamic University Malaysia,
2012
|
| Subjects: | |
| Tags: |
Add Tag
No Tags, Be the first to tag this record!
|
| LEADER | 023550000a22004450004500 | ||
|---|---|---|---|
| 008 | 120905s2012 my a f m 000 0 ara d | ||
| 040 | |a UIAM |b eng |e rda | ||
| 041 | |a ara | ||
| 043 | |a a-my--- | ||
| 050 | |a BP148 | ||
| 100 | 1 | |a فطاني، فاتن إسماعيل يعقوب | |
| 242 | 1 | 0 | |a Ma'alim al-ifta' wa dawabituh 'ind al-Imam al-Shatibi : |b dirasah tahliliyah tatbiqiyah |
| 245 | 1 | 0 | |a معالم الإفتاء وضوابطه عند الإمام الشاطبي : |b دراسة تحليلية تطبيقية / |c إعداد، فاتن إسماعيل يعقوب الفطاني |
| 264 | 1 | |a Kuala Lumpur : |b Kulliyah of Islamic Revealed Knowledge and Human Sciences, International Islamic University Malaysia, |c 2012 | |
| 300 | |a [xvii], 358 leaves : |b illustrations ; |c 30cm. | ||
| 336 | |2 rdacontent |a text | ||
| 337 | |2 rdamedia |a unmediated | ||
| 337 | |2 rdamedia |a computer | ||
| 338 | |2 rdamedia |a volume | ||
| 338 | |a computer disc |r dacarrier | ||
| 338 | |2 rdacarrier |a online resource | ||
| 347 | |2 rdaft |a text file |b PDF | ||
| 500 | |a Abstracts in English and Arabic. | ||
| 500 | |a "بحث مطلب مقدم لنيل درجة الدكتوراه في الفقه و أصوله." --On title page. | ||
| 502 | |a Thesis (Ph.D)--International Islamic University Malaysia, 2012. | ||
| 504 | |a Includes bibliographical references (leaves 347-358). | ||
| 520 | |a | ||
| 596 | |a 1 | ||
| 600 | |a Shatibi, Ibrahim ibn Musa, |d d. 1388 |x Contributions in Islamic Law | ||
| 650 | |a Fatwas | ||
| 655 | 7 | |a Theses, IIUM local | |
| 690 | |a Dissertations, Academic |x Kulliyyah of Islamic Revealed Knowledge and Human Sciences |z IIUM | ||
| 700 | 1 | |a Fatani, Fatin Ismail Yakob, |e author | |
| 710 | 2 | |a International Islamic University Malaysia. |b Kulliyyah of Islamic Revealed Knowledge and Human Sciences | |
| 856 | 4 | |z Click here to view 1st 24 pages of the thesis. Members can view fulltext at the specified PCs in the library. | |
| 900 | |a zhmn-aah to ls | ||
| 999 | |c 436843 |c 436843 |d 468514 |d 468514 | ||
| 999 | |c 436843 |c 436843 |d 468514 |d 468514 | ||
| 952 | |0 0 |6 T BP148 F252M 2012 |7 0 |8 THESES |9 758158 |a IIUM |b IIUM |c MULTIMEDIA |g 0.00 |o t BP148 F252M 2012 |p 00011266706 |r 2018-10-01 |t 1 |v 0.00 |y THESIS | ||
| 952 | |0 0 |6 TS CDF BP148 F252M 2012 |7 5 |8 THESES |9 849481 |a IIUM |b IIUM |c MULTIMEDIA |g 0.00 |o ts cdf BP148 F252M 2012 |p 00011266707 |r 2018-05-03 |t 1 |v 0.00 |y THESISDIG | ||
